书目信息 |
| 题名: |
外国著名生物学家传
|
|
| 作者: | 赵功民 编著 | |
| 分册: | ||
| 出版信息: | 北京 北京出版社 1987 |
|
| 页数: | 332页 | |
| 开本: | 19cm | |
| 丛书名: | 自然科学史话 | |
| 单 册: | ||
| 中图分类: | K816.1 , K815 | |
| 科图分类: | ||
| 主题词: | 生物学家--列传--外国 , 传记 | |
| 电子资源: | ||
| ISBN: | 7-200-00049-3 | |
| 000 | 00753nam2 2200277 45 | |
| 001 | 0187009065 | |
| 005 | 20040511091003.7 | |
| 010 | @a7-200-00049-3@dCNY2.25 | |
| 100 | @a19900830d1987 em y0chiy0121 ea | |
| 101 | 0 | @achi |
| 102 | @aCN@b110000 | |
| 105 | @af z 000yc | |
| 106 | @ar | |
| 200 | 10 | @a外国著名生物学家传@Awai guo zhu ming sheng wu xue jia zhuan@f赵功民编著 |
| 210 | @a北京@c北京出版社@d1987 | |
| 215 | @a332页@c图@d19cm | |
| 225 | 2 | @a自然科学史话 |
| 410 | 0 | @120010@a自然科学史话 |
| 606 | @a生物学家@x列传@y外国 | |
| 606 | 0 | @a传记 |
| 690 | @aK816.1@v3 | |
| 690 | @aK815 | |
| 701 | 0 | @a赵功民@Azhao gong min@4编著 |
| 801 | 0 | @aCN@b深圳图书馆@c20040511 |
| 801 | 2 | @aCN@bNLC@c20040511 |
| 905 | @f2@b204053-054@dK815@e18 | |
| 外国著名生物学家传/赵功民编著.-北京:北京出版社,1987 |
| 332页:图;19cm.-(自然科学史话) |
| ISBN 7-200-00049-3:CNY2.25 |
| ● |
| 相关链接 |
|
|
|
|
正题名:外国著名生物学家传
索取号:K815/18
 
预约/预借
| 序号 | 登录号 | 条形码 | 馆藏地/架位号 | 状态 | 备注 |
| 1 | 0204053 | 001410912 | 密集书库/ [索取号:K815/18] | 在馆 | |
| 2 | 0204054 | 001410994 | 密集书库/ [索取号:K815/18] | 在馆 | |
| 3 | 0204055 | 001410958 | 第二样本阅览室/ [索取号:K815/18] | 在馆 |